LEADER 00801nam0-22002891i-450- 001 990006718160403321 005 20001010 035 $a000671816 035 $aFED01000671816 035 $a(Aleph)000671816FED01 035 $a000671816 100 $a20001010d--------km-y0itay50------ba 101 0 $aita 105 $ay-------001yy 200 1 $aTopics in Mathematical Analysis for Economists$fKnut Sydsaeter 210 $aLondon$cAcademic Press$d1981 215 $aX, 445 p.$d22 cm 300 $a 700 1$aSydsaeter,$bKnut$f<1937-2012>$0103920 801 0$aIT$bUNINA$gRICA$2UNIMARC 901 $aBK 912 $a990006718160403321 952 $aVI E 111$b21240$fFSPBC 959 $aFSPBC 996 $aTopics in Mathematical Analysis for Economists$9615752 997 $aUNINA DB $aGEN01 LEADER 01222nam0 22002893i 450 001 VAN0117963 005 20181029092029.136 010 $a978-88-953150-7-2 100 $a20181029d2010 |0itac50 ba 101 $aita 102 $aIT 105 $a|||| ||||| 200 1 $aˆLa ‰prorogatio dell'organo amministrativo nelle società di capitali$eprofili teorici e risvolti redazionali nell'attività notarile$fPaolo Divizia, Luca Olivieri 205 $aBrienza : Le Penseur, 2010 210 $a131 p.$a24 cm 215 $aBiblioteca notaio Andrini. 410 1$1001VAN0117964$12001 $aExpressis verbis$1210 $aBrienza$cLe Pensuer. 620 $dBrienza$3VANL001555 700 1$aDivizia$bPaolo$3VANV090838$0327622 701 1$aOlivieri$bLuca$3VANV090839$0327623 712 $aLe Pensuer$3VANV114851$4650 801 $aIT$bSOL$c20210512$gRICA 899 $aBIBLIOTECA DEL DIPARTIMENTO DI GIURISPRUDENZA$1IT-CE0105$2VAN00 912 $aVAN0117963 950 $aBIBLIOTECA DEL DIPARTIMENTO DI GIURISPRUDENZA$d00CONS BNA.27 $e00BNA3151 20181029 996 $aProrogatio dell'organo amministrativo nelle società di capitali$91537462 997 $aUNICAMPANIA